00558nam a2200157Ia 4500008004100000100001700041245010600058245001700164260005900181260000900240650001800249650001500267856002600282999001900308952007300327170221s9999 xx 000 0 und d aIbrahim Sani 4aThe use of Verbal and Visual Metaphors in the Construction of Satire in Nigerian Political Cartoons  cIbrahim Sani bOnline Journal of Communication and Media Technologies c2016 xCommunication xMedia Arts uhttp://www.ojcmt.net/ c309104d309104 001040aCLbCLd2017-02-21l0r2017-02-21 00:00:00w2017-02-21yFOJ